| 000 -LEADER |
| fixed length control field |
01872cam a2200421 i 4500 |
| 001 - CONTROL NUMBER |
| control field |
18132158 |
| 005 - DATE AND TIME OF LATEST TRANSACTION |
| control field |
20221220115222.0 |
| 008 - FIXED-LENGTH DATA ELEMENTS--GENERAL INFORMATION |
| fixed length control field |
140429s2014 nyua b 001 0 eng |
| 010 ## - LIBRARY OF CONGRESS CONTROL NUMBER |
| LC control number |
2014016973 |
| 020 ## - INTERNATIONAL STANDARD BOOK NUMBER |
| International Standard Book Number |
9780374227357 (hardback) |
| 020 ## - INTERNATIONAL STANDARD BOOK NUMBER |
| Canceled/invalid ISBN |
9781429944328 (ebook) |
| 040 ## - CATALOGING SOURCE |
| Original cataloging agency |
DLC |
| Language of cataloging |
eng |
| Transcribing agency |
DLC |
| Description conventions |
rda |
| Modifying agency |
DLC |
| 042 ## - AUTHENTICATION CODE |
| Authentication code |
pcc |
| 050 00 - LIBRARY OF CONGRESS CALL NUMBER |
| Classification number |
JC11 |
| Item number |
.F853 2014 |
| 082 00 - DEWEY DECIMAL CLASSIFICATION NUMBER |
| Classification number |
320.1,FUK |
| Edition number |
23 |
| 084 ## - OTHER CLASSIFICATION NUMBER |
| Classification number |
HIS037000 |
| -- |
POL010000 |
| Number source |
bisacsh |
| 100 1# - MAIN ENTRY--PERSONAL NAME |
| Personal name |
Fukuyama, Francis. |
| 9 (RLIN) |
99767 |
| 245 10 - TITLE STATEMENT |
| Title |
Political order and political decay : |
| Remainder of title |
from the industrial revolution to the globalization of democracy / |
| Statement of responsibility, etc. |
Francis Fukuyama. |
| 250 ## - EDITION STATEMENT |
| Edition statement |
First edition. |
| 264 #1 - PRODUCTION, PUBLICATION, DISTRIBUTION, MANUFACTURE, AND COPYRIGHT NOTICE |
| Place of production, publication, distribution, manufacture |
New York : |
| Name of producer, publisher, distributor, manufacturer |
Farrar, Straus and Giroux, |
| Date of production, publication, distribution, manufacture, or copyright notice |
2014. |
| 300 ## - PHYSICAL DESCRIPTION |
| Extent |
viii, 658 pages : |
| Other physical details |
illustrations ; |
| Dimensions |
24 cm |
| 336 ## - CONTENT TYPE |
| Content type term |
text |
| Content type code |
txt |
| Source |
rdacontent |
| 337 ## - MEDIA TYPE |
| Media type term |
unmediated |
| Media type code |
n |
| Source |
rdamedia |
| 338 ## - CARRIER TYPE |
| Carrier type term |
volume |
| Carrier type code |
nc |
| Source |
rdacarrier |
| 505 ## - FORMATTED CONTENTS NOTE |
| Formatted contents note |
Introduction: Development of political institutions to the French Revolution (Page-3), Part I: The State (Page-23), Part II: Foreign institutions (Page-217), Part III: Democracy (Page-399), Part IV: Political Decay (Page-455). |
| 650 #0 - SUBJECT ADDED ENTRY--TOPICAL TERM |
| Topical term or geographic name entry element |
State, The |
| General subdivision |
History. |
| 9 (RLIN) |
105325 |
| 650 #0 - SUBJECT ADDED ENTRY--TOPICAL TERM |
| Topical term or geographic name entry element |
Order |
| General subdivision |
History. |
| 9 (RLIN) |
105326 |
| 650 #0 - SUBJECT ADDED ENTRY--TOPICAL TERM |
| Topical term or geographic name entry element |
Comparative government |
| General subdivision |
History. |
| 9 (RLIN) |
105327 |
| 650 #0 - SUBJECT ADDED ENTRY--TOPICAL TERM |
| Topical term or geographic name entry element |
Democracy |
| General subdivision |
History. |
| 9 (RLIN) |
105328 |
| 650 #0 - SUBJECT ADDED ENTRY--TOPICAL TERM |
| Topical term or geographic name entry element |
Globalization |
| General subdivision |
Political aspects. |
| 9 (RLIN) |
104784 |
| 650 #7 - SUBJECT ADDED ENTRY--TOPICAL TERM |
| Topical term or geographic name entry element |
HISTORY / World. |
| Source of heading or term |
bisacsh |
| 9 (RLIN) |
105329 |
| 650 #7 - SUBJECT ADDED ENTRY--TOPICAL TERM |
| Topical term or geographic name entry element |
POLITICAL SCIENCE / History & Theory. |
| Source of heading or term |
bisacsh |
| 9 (RLIN) |
97133 |
| 700 1# - ADDED ENTRY--PERSONAL NAME |
| Relationship information |
Continuation of: |
| Personal name |
Fukuyama, Francis. |
| Title of a work |
Origins of political order. |
| 9 (RLIN) |
105330 |
| 856 42 - ELECTRONIC LOCATION AND ACCESS |
| Materials specified |
Cover image |
| Uniform Resource Identifier |
<a href="http://www.netread.com/jcusers2/bk1388/357/9780374227357/image/lgcover.9780374227357.jpg">http://www.netread.com/jcusers2/bk1388/357/9780374227357/image/lgcover.9780374227357.jpg</a> |
| 906 ## - LOCAL DATA ELEMENT F, LDF (RLIN) |
| a |
7 |
| b |
cbc |
| c |
orignew |
| d |
1 |
| e |
ecip |
| f |
20 |
| g |
y-gencatlg |
| 942 ## - ADDED ENTRY ELEMENTS (KOHA) |
| Source of classification or shelving scheme |
|
| Koha item type |
Book |
| Call number prefix |
320.1,FUK |